Statystyki dla 50 pytań o WWII

Kliknij tutaj aby rozwiązać quiz!

Ogólne statystyki

  • Ten quiz został rozwiązany 143 razy
  • Średni wynik to 8 z 50

Statystyki odpowiedzi

PytanieHasło% Poprawnych
''Punkt zwrotny 2WŚ'', bitwa okupiona 1,3 miliona zabitych żołnierzy. Była m.in w grach takich jak COD oraz Company of Heroes.Stalingrad
62%
Kraj zdobyty w około 6 godzinDania
56%
''Lis Pustyni'', zmuszony do samobójstwa.Erwin Rommel
45%
Kraj w Ameryce, któremu USA wypowiedziało wojnęBrazylia
44%
Miejscowość w Afryce Północnej, w której siły złożone z głównie Australijczyków, ale także Polaków broniły się przed NiemcamiTobruk
42%
Miejscowość na Krymie, w której według wielu historyków został przesądzony los Polski.Jałta
37%
Kraj ważny dla Niemiec, z niego importowali stal.Szwecja
36%
Japońska firmy motoryzacyjna, znana z produkcji myśliwców. Dzisiaj produkuje samochodyMitsubishi
35%
Czołg produkowany w Charkowie, znany z wielkiego wkładu w wojnę.T-34
34%
Niemiecki Korpus wojska w Afryce PółnocnejAfrika Korps
30%
Znany pancernik niemiecki, Sabaton zrobił o nim utwórBismarck
30%
Kraj, który dołączył się do konfliktu w 1940 roku. Z niego wywodzi się G.E.Mannerheim.Finlandia
29%
Kraj w południowej Azji niezaatakowany przez Japonię.Tajlandia
28%
Miejsce (oficjalne) powołania PKWNLublin
26%
Bałkański Marszałek, Przewodniczący partii politycznej przez 42 lata.Josip Broz-Tito
25%
Aliancki Generał, odbił Breatanie od Niemców w 3 dni i prawie zdobył Paryż przed czasem. Oddał mocz do Renu i Sekwany.George Patton
22%
Pierwszy dowódca 1 Dywizji Pancernej WP.Stanisław Maczek
22%
Ostatni prezydent RPIgnacy Mościcki
19%
Kraj, który dołączył się do wojny w styczniu 1945 roku pod naciskiem sąsiadów, importer chromu.Turcja
19%
Płk. Wehrmachtu, niedoszły zamachowiec A. Hitlera.Claus von Stauffenberg
18%
Bałkańskie miasto z rządem kolaboracyjnym z III Rzeszą ogłoszone ''zaszczytnie'' miastem wolnym od żydów.Belgrad
15%
Siły Pancerne III RzeszyPanzerwaffe
14%
Znana nastolatka, ofiara holokaustu, jej ojciec opublikował biografię opartą na jej pamiętniku.Anne Frank
13%
Chiński GeneralissimusCzang Kaj-szek
10%
Wynalazca V-1 i V-2, twórca Amerykańskiego programu kosmicznego.Werner von Braun
10%
Operacja ważna dla III Rzeszy, nigdy nie wykonana. Jej planem była inwazja na Wyspy Brytyjskie.Operacja Lew Morski
9%
Kapitan WP, samobójca, dowódca odcinka ''Wizna''Władysław Raginis
9%
Czołg prototyp, miał ważyć 1000 ton.P-1000 Ratte
8%
Premier Japonii powołany dwa miesiące przed atakiem na Pearl Habror. Zbrodniarz wojenny, MSZ i generał.Hideki Tojo
7%
Miasto bardzo ucierpiałe w wyniku inwazji. Przedwojenna stolica, znana z dokonania na niej gwałtu.Nankin
6%
Miejscowość, w której według jednych z wersji, odbył się pierwszy akt agresji na Polskę. Polegała ona na wysadzeniu mostu.Tczew
6%
Znany model samolotu, używany przez Aliantów do zrzutów zaopatrzenia do powstającej Warszawy.Liberator
5%
Dzisiejsze państwo w Afryce, miejsce boju Francji Vichy najbardziej na południe. Walczył tam m.in. jeszcze płk. Leclerc.Gabon
4%
Czołg, zwany przez powstańców warszwskich ''szafą''.Panther
4%
Miejscowość, w której doszło do okrążenia 30 radzieckich dywizji. Leży 200 kilometrów od Moskwy.Wiaźma
4%
Miejscowość, w której była kwatera A. Hitlera, Wilczy Szaniec.Gierłoż
3%
Terytorium, obecnie niepodległy kraj, cel operacji ''Fall Blau''Azerbejdżan
2%
Ulubiony generał Hitlera, później Feldmarszałek, schwytany w 1945 przez Brytyjczyków, potem doradca Konrada Adenaura.Erich von Manstein
2%
Oddział Majora WP, broniący się przed wojskami niemieckimi do Wiosny 1940 roku.Hubalczycy
2%
Jednostka w Chinach dowodzona przez Japończyków, znana z okrutnych, rzeźnickich eksperymentów na ludziach.Jednostka 731
2%
Okrągły czołg, ciekawostka, importowany z Niemiec do japońskiej Mandżurii w kilku egzemplażach pod koniec wojny. Znajduje się w podmoskiewskiej Kubince.Kugelpanzer
2%
Miejscowość, w której wylądowali Japońscy żołnierze na AlasceKiska
1%
Miejsce utworzenia rządu marionetkowego w MandżuriiMukden
1%
Republika kolaboracyjna utworzona przez III Rzeszę na terenach ZSRR. Nazwa pochodzi od jej siedziby.Republika Łokocka
1%
Miasto w Holandii, zamieszkałe dzisiaj przez ponad 100 tys. ludzi, wyzowlone przez jednego żołnierza.Zwolle
1%
Znany jako najbardziej udekorowany żołnierz 2WŚ, aliancki żołnierz i aktor, zdobywca m.in Medalu Honoru.Audie Murphy
0%
Operacja, jednym z jej skutków było zatrzymanie wojsk radzieckich w PradzeBagration
0%
Bitwa w Birmie, alianckie zwycięstwo, trwała prawie 3 miesiące, w której Japończycy stracili prawie wszystkich dostępnych ludzi.Bitwa o Imphal
0%
Jedyny nazistowski myśliwiec odrzutowy, ''Kometa''Me 163 Komet
0%
Znane zdjęcie, jeden z żołnierzy wieszające flagę ma dwa zegarki.Sztandar nad Reichstagiem
0%

Rozkład punktacji

Percentyl według liczby udzielonych odpowiedzi

Procent ludzi z każdym wynikiem

Twoja historia wyników

Nie rozwiązałeś tego quizu